000 01263nam2a22003131 4500
001 v19\rc\1336673
005 20250630115017.0
035 _a(NLR Aleph) 004561263
090 _a2276587
_c2276587
100 _a20060512d1855 |||y0rusy50 ca
101 0 _arus
102 _aRU
105 _ay z |||||
200 0 _aЧ. 2
215 _a258 с.
225 1 _a...
_v5
461 0 _1001v19\rc\1336671
_12001#$aАлександрина$eНебольшой роман, взятый из записок Юрия З*$fСоч. Федора фан Дима [псевд.]$vЧ. 2
_1700#1$aКологривова$bЕ.В.$f1809-1884$gЕлизавета Васильевна
_92276564
_aКологривова, Е. В. (1809-1884)
_cСанкт-Петербург
_d1855
_fСоч. Федора фан Дима [псевд.]
_oНебольшой роман, взятый из записок Юрия З*
_p2 т.
_tАлександрина
_vЧ. 2
801 0 _aRU
_bNLR
_gpsbo
801 0 _aRU
_bRuMoRGB
_2psbo
801 1 _aRU
_bProSoft-M
_2rusmarc
852 _aNLR
_j18.258.4.5(2)
852 _aNLR
_j128/4286(2)
899 _aRuMoRGB
_jW 47/381
899 _aRuMoRGB
_jU 17/152
899 _aRuMoRGB
_jW 106/554
899 _aБАН
942 _cBOOK
980 _aNB